| 000 | 00505nam a2200181Ia 4500 | ||
|---|---|---|---|
| 999 |
_c20529 _d20529 |
||
| 003 | OSt | ||
| 005 | 20200701121745.0 | ||
| 008 | 190216s9999||||xx |||||||||||||| ||und|| | ||
| 020 | _a0192853066 | ||
| 040 | _coclc | ||
| 082 |
_a901 _bCOL/I |
||
| 100 |
_aCollingwood, R G _92355 |
||
| 245 | 4 |
_aThe Idea Of History / _cR G Collingwood |
|
| 250 | _aRevised Ed. | ||
| 260 |
_bOxford University Press, _c1993. _aNew York: |
||
| 300 | _a497p | ||
| 942 |
_cBK _2ddc _h901 _iCOL/I _k901 _mCOL/I |
||